La dulce vision : (Registro nro. 35607)

Detalles MARC
000 -CABECERA
Longitud fija campo de control 00836nam a2200265 c 4500
003 - • IDENTIFICADOR DELl NÚMERO DE CONTROL
Identificador del número de control CO-ViMGA
005 - • FECHA Y HORA DE LA ÚLTIMA TRANSACCIÓN
Fecha y hora de la última transacción 20230915233137.0
008 - • CÓDIGOS DE INFORMACIÓN DE LONGITUD FIJA
Códigos de información de longitud fija 130702s2013 sp | |||| 000 0 spa
020 ## - • NÚMERO INTERNACIONAL NORMALIZADO PARA LIBROS
Número Internacional Normalizado para Libros (ISBN) 9788493856984
040 ## - FUENTE DE LA CATALOGACIÓN
Centro catalogador de origen CO-ViMGA
Lengua de catalogación spa
Centro transcriptor CO-ViMGA
041 1# - • CÓDIGO DE LENGUA
Código de lengua original ita
082 04 - • NÚMERO DE LA CLASIFICACIÓN DECIMAL DEWEY
Número de clasificación (R) 070.44
Número del ítem F25d
100 1# - • PUNTO DE ACCESO PRINCIPAL-NOMBRE DE PERSONA
Nombre de persona Fellini, Federico
Fechas asociadas al nombre 1920-1993
240 12 - • TÍTULO UNIFORME
Título uniforme <a href="L'arte della visione">L'arte della visione</a>
245 13 - • TITULO PROPIAMENTE DICHO
Título La dulce vision :
Resto del título conversaciones con Goffredo Fofi y Gianni Volpi
Mención de responsabilidad, etc. Federico Fellini ; [de la traduccion, Regina Lp̤ez Muǫz]
300 ## - • DESCRIPCI&Oacute;N F&Iacute;SICA
Extensión 171 p.
Dimensiones 16 cm
490 0# - • MENCI&Oacute;N DE SERIE
Mención de serie Piccola
Designación de volumen o secuencia 8
600 17 - • PUNTO DE ACCESO ADICIONAL DE MATERIA - NOMBRE DE PERSONA
Nombre de persona Fellini, Federico
Fechas asociadas al nombre 1920-1993
650 14 - • PUNTO DE ACCESO ADICIONAL DE MATERIA - T&Eacute;RMINO DE MATERIA
Término de materia o nombre geográfico como elemento inicial Entrevistas
700 1# - • PUNTO DE ACCESO ADICIONAL - NOMBRE DE PERSONA
Nombre de persona Fofi, Goffredo
Fechas asociadas al nombre 1937-
700 1# - • PUNTO DE ACCESO ADICIONAL - NOMBRE DE PERSONA
Nombre de persona Volpi, Gianni
942 ## - ENTRADA DE ELEMENTOS AGREGADOS (KOHA)
Fuente de clasificaión o esquema Dewey Decimal Classification
Koha [por defecto] tipo de item LIbro
Existencias
Perdido Fuente de clasificaci&oacute;n o esquema Estado Físico No para pr&eacute;stamo Forma de adquisición Localizaci&oacute;n permanente Localizaci&oacute;n actual Fecha adquisici&oacute;n Pr&eacute;stamos totales Signatura completa C&oacute;digo de barras Fecha &uacute;ltima consulta N&uacute;mero de copia Fecha del precio de reemplazo Tipo de item de Koha
  Dewey Decimal Classification     Sala General Segundo Piso Biblioteca Pública Germán Arciniegas - Villavicencio Biblioteca Pública Germán Arciniegas - Villavicencio 08/19/2016   070.44 F25d 30666 07/24/2018 Ej. 1 08/19/2016 LIbro









Instituto Departamental de Cultura del Meta - Red Departamental de Bibliotecas Públicas del Meta.